Diálogo acerca de Friedman y hayek. Desde el punto de vista de la periferia /

Saved in:
Bibliographic Details
Main Author: Prebisch, Raúl
Format: Text
Tags: Add Tag
No Tags, Be the first to tag this record!

MARC

LEADER 00000 a a2200000 04500
001 15756
003
040
100 |a Prebisch, Raúl  
245 |a Diálogo acerca de Friedman y hayek. Desde el punto de vista de la periferia /  |c Raúl Prebisch 
773 |g número 15; páginas 161-183  
999 |c 23623  |d 23623